Public sector unions, corporation, and macroeconomic performance (Record no. 44036)

000 -LEADER
fixed length control field 01499pab a2200169 454500
008 - FIXED-LENGTH DATA ELEMENTS--GENERAL INFORMATION
fixed length control field 180718b1999 xxu||||| |||| 00| 0 eng d
100 ## - MAIN ENTRY--PERSONAL NAME
Personal name Garrett, Geoffrey
245 ## - TITLE STATEMENT
Title Public sector unions, corporation, and macroeconomic performance
260 ## - PUBLICATION, DISTRIBUTION, ETC.
Date of publication, distribution, etc. 1999
300 ## - PHYSICAL DESCRIPTION
Extent p.411-34
362 ## - DATES OF PUBLICATION AND/OR SEQUENTIAL DESIGNATION
Dates of publication and/or sequential designation Jun
520 ## - SUMMARY, ETC.
Summary, etc. What accounts for the apparent breakdown of the positive relationship between powerful trade union organizations and macroeconomic performance? Is corporatism a relic of a different age, a luxury of the long postwar boom? Although the authors answer the latter question in the negative, they do contend that existing arguments about the macroeconomic consequences of corporatism should be significantly modified to take into account the impact of the growth of public sector unions on the relationship between institutional structure of labor movements and economic outcomes. The deteriorating performance commonly attributed to corporatism in the 1980s was limited to countries in which unions in the public sector and other sectors not exposed to international competition increasingly dominated national labor movements. Encompassing trade union movements can still generate wage restraint, but only where the union movement is dominated by unions in the exposed sector that are subject to the constraints posed by international market competition. - Reproduced
650 ## - SUBJECT ADDED ENTRY--TOPICAL TERM
Topical term or geographic name entry element Trade unions
700 ## - ADDED ENTRY--PERSONAL NAME
Personal name Way, Christopher
773 ## - HOST ITEM ENTRY
Main entry heading Comparative Political Studies
909 ## -
-- 44036
Holdings
Withdrawn status Lost status Damaged status Not for loan Permanent Location Current Location Date acquired Serial Enumeration / chronology Barcode Date last seen Price effective from Koha item type
        Indian Institute of Public Administration Indian Institute of Public Administration 2018-07-19 Volume no: 32, Issue no: 4 AR44442 2018-07-19 2018-07-19 Articles

Powered by Koha